00460nam a2200145Ia 4500003000900000008004200009040003300051041001400084080001600098100002600114245008700140246003900227260002800266300002000294LK-CoDNM010623t1988 xxu||||| |||| 00| 1 Pali d aLK-CoDNMdLK-CoDNMeLK-CoDNM aPaliasin a809.13bABE aAbeygunawardena, W.W. aකැලි සන්‍යය හෙවත් කැලි පිටපොත aKeli sanyaya hewath Keli pitapotha bS.GodageaColomboc1988 b(viii)39, 22 cm